[Event "Veneto-ch qf 63rd"]
[Site "Arqua Petrarca"]
[Date "2003.05.03"]
[Round "1.27"]
[White "Lanzetta, Alberto"]
[Black "Mocellin, Gianfranco"]
[Result "1-0"]
[WhiteElo "1494"]
[BlackElo "1708"]
[PlyCount "107"]
[EventDate "2003.05.03"]
[EventType "swiss"]
[EventRounds "6"]
[EventCountry "ITA"]
[SourceTitle "EXT 2024"]
[Source "ChessBase"]
[SourceDate "2023.10.10"]
[SourceVersion "1"]
[SourceVersionDate "2023.10.10"]
[SourceQuality "1"]

1. d4 Nf6 2. Bg5 e6 3. e4 Be7 4. Nc3 h6 5. Bxf6 Bxf6 6. e5 Be7 7. Qg4 g6 8. Bd3 d5 9. Nge2 c5 10. Bxg6 fxg6 11. Qxg6+ Kd7 12. Nf4 Qg8 13. Qd3 c4 14. Qh3 Kc6 15. a4 Na6 16. Nb5 Nb4 17. Na3 Bd7 18. b3 Qf7 19. Qf3 Bg5 20. Nxd5 Qxf3 21. Nxb4+ Kc7 22. gxf3 Raf8 23. Nxc4 Rxf3 24. h4 Be7 25. Nd3 Bc6 26. Rh2 Rg8 27. Ke2 Rg4 28. Nd2 Rf5 29. c3 Bxh4 30. Nc5 Bd5 31. f3 Rgf4 32. Rf1 Be7 33. Nd3 Rh4 34. Rxh4 Bxh4 35. c4 Bc6 36. Nc5 Bd7 37. f4 Bg3 38. Ke3 h5 39. Nde4 Bh2 40. Nf6 Bc8 41. Ke4 b6 42. Nd3 Bg3 43. d5 h4 44. d6+ Kd8 45. c5 Bb7+ 46. Ke3 h3 47. Ne4 Bxe4 48. Kxe4 h2 49. c6 a6 50. Rh1 Rh5 51. Kf3 Be1 52. Nxe1 Rh3+ 53. Kg4 Rxb3 54. Rxh2 1-0

[Event "Veneto-ch qf 62nd"]
[Site "Arqua Petrarca"]
[Date "2002.05.12"]
[Round "5.15"]
[White "Angelini, Francesco"]
[Black "Mocellin, Gianfranco"]
[Result "0-1"]
[WhiteElo "1300"]
[BlackElo "1675"]
[PlyCount "90"]
[EventDate "2002.05.04"]
[EventType "swiss"]
[EventRounds "6"]
[EventCountry "ITA"]
[SourceTitle "EXT 2024"]
[Source "ChessBase"]
[SourceDate "2023.10.10"]
[SourceVersion "1"]
[SourceVersionDate "2023.10.10"]
[SourceQuality "1"]

1. e4 e5 2. Nf3 d6 3. d4 exd4 4. Nxd4 g6 5. Nc3 Bg7 6. Bc4 Ne7 7. 0-0 0-0 8. f4 Nbc6 9. Be3 Na5 10. Bb3 Nxb3 11. axb3 f5 12. exf5 Nxf5 13. Nxf5 Rxf5 14. g4 Rf7 15. Qf3 Qh4 16. h3 c6 17. Rae1 d5 18. Bf2 Qd8 19. Re2 Bd7 20. Rfe1 Qc7 21. Bg3 Bd4+ 22. Kh2 Bc5 23. Qd3 Bd6 24. f5 gxf5 25. gxf5 Rxf5 26. Rg2 Bxg3+ 27. Rxg3+ Kf7 28. Qd4 Rg8 29. Reg1 b6 30. Qh4 h5 31. Kh1 Rxg3 32. Rxg3 Qf4 33. Qxf4 Rxf4 34. Kg2 h4 35. Ne2 Rf6 36. Rd3 Bf5 37. Rc3 Be4+ 38. Kg1 Kg6 39. Nd4 c5 40. Nb5 a5 41. Re3 Bxc2 42. Nc7 d4 43. Re2 Bxb3 44. Ne8 Re6 45. Rg2+ Kf7 0-1

[Event "Veneto-ch qf 62nd"]
[Site "Arqua Petrarca"]
[Date "2002.05.11"]
[Round "4.19"]
[White "Mocellin, Gianfranco"]
[Black "Ceccherini, Paolo"]
[Result "1/2-1/2"]
[WhiteElo "1675"]
[BlackElo "1516"]
[PlyCount "45"]
[EventDate "2002.05.04"]
[EventType "swiss"]
[EventRounds "6"]
[EventCountry "ITA"]
[SourceTitle "EXT 2024"]
[Source "ChessBase"]
[SourceDate "2023.10.10"]
[SourceVersion "1"]
[SourceVersionDate "2023.10.10"]
[SourceQuality "1"]

1. e4 c6 2. d4 d5 3. e5 Bf5 4. Bd3 Bxd3 5. Qxd3 e6 6. Ne2 Nd7 7. 0-0 c5 8. Be3 cxd4 9. Bxd4 Ne7 10. Nd2 Nf5 11. f4 Be7 12. Nf3 0-0 13. c3 Rc8 14. Bf2 b6 15. Rac1 Nc5 16. Bxc5 Bxc5+ 17. Nfd4 Nxd4 18. cxd4 Be7 19. Rc2 Qd7 20. Rfc1 Qb7 21. a3 a6 22. Rc3 b5 23. Qc2 1/2-1/2